| 000 | 00877caa a22002417a 4500 | ||
|---|---|---|---|
| 999 |
_c422210 _d422210 |
||
| 001 | 133469 | ||
| 003 | UA-OsUOA | ||
| 005 | 20200129130225.0 | ||
| 007 | ta | ||
| 008 | 20181024b un ||||| |||| 00| 0 ukr d | ||
| 040 |
_aUA-OsUOA _bukr _cUA-OsUOA _dUA-OsUOA |
||
| 041 | _aukr | ||
| 080 | _a908 | ||
| 090 |
_a908 _bМ48 |
||
| 100 | _aМельник-Маньковська М. | ||
| 245 |
_aЄзуїти на Волині (XVI–XVIII ст.): культурно-значима діяльність _cМ. Мельник-Маньковська |
||
| 300 | _aС. 137–140 | ||
| 650 | 7 |
_a908 Краєзнавство _2UDC |
|
| 773 | 0 |
_0366889 _9390158 _dРівне Видавець Олег Зень 2008 _o136197 _tНаукові записки _w(UA-OsUOA) 80577 |
|
| 942 |
_cBKA _2udc |
||
| 955 | _a1 | ||